Normal view
MARC view
Entry Término temático
001 - NÚMERO DE CONTROL
- campo de control: 77481
003 - IDENTIFICADOR DEL NÚMERO DE CONTROL
- campo de control: OSt
005 - FECHA Y HORA DE LA ÚLTIMA TRANSACCIÓN
- campo de control: 20201202084426.0
008 - DATOS DE LONGITUD FIJA
- campo de control de longitud fija: 201202|| aca||aabn | a|a d
040 ## - FUENTE DE LA CATALOGACIÓN
- Centro catalogador/agencia de origen: OSt
- Centro/agencia transcriptor: OSt
150 ## - ENCABEZAMIENTO--TÉRMINO DE MATERIA
- Término de materia o nombre geográfico como elemento de entrada: Filosofía de la vida cotidiana
670 ## - FUENTE DE DATOS ENCONTRADOS
- Cita de la fuente: Work cat.: (OSt)17530: Peña, Dennis, 1953- 39050, ¡Ay, mi mai! :, 2009.
